Effective writing : a handbook for accountants / (Record no. 2841)

000 -LEADER
fixed length control field 01462cam a22003374a 4500
001 - CONTROL NUMBER
control field 13858549
003 - CONTROL NUMBER IDENTIFIER
control field OSt
005 - DATE AND TIME OF LATEST TRANSACTION
control field 20160819123615.0
008 - FIXED-LENGTH DATA ELEMENTS--GENERAL INFORMATION
fixed length control field 050202s2006 njua 001 0 eng
010 ## - LIBRARY OF CONGRESS CONTROL NUMBER
LC control number 2005002888
020 ## - INTERNATIONAL STANDARD BOOK NUMBER
International Standard Book Number 0131496816 (pbk. : alk. paper)
035 ## - SYSTEM CONTROL NUMBER
System control number (OCoLC)ocm57564779
040 ## - CATALOGING SOURCE
Original cataloging agency DLC
Transcribing agency DLC
Modifying agency YDX
-- BAKER
-- NLGGC
-- DLC
042 ## - AUTHENTICATION CODE
Authentication code pcc
050 00 - LIBRARY OF CONGRESS CALL NUMBER
Classification number HF5719.M375 2006
082 00 - DEWEY DECIMAL CLASSIFICATION NUMBER
Classification number 808/.066657
Edition number 22
100 1# - MAIN ENTRY--PERSONAL NAME
Personal name May, Claire Arevalo.
245 10 - TITLE STATEMENT
Title Effective writing : a handbook for accountants /
Statement of responsibility, etc Claire B. May, Gordon S. May.
250 ## - EDITION STATEMENT
Edition statement 7th ed.
260 ## - PUBLICATION, DISTRIBUTION, ETC. (IMPRINT)
Place of publication, distribution, etc Upper Saddle River, N.J. :
Name of publisher, distributor, etc Pearson Prentice Hall,
Date of publication, distribution, etc c2006.
300 ## - PHYSICAL DESCRIPTION
Extent xiv, 258 p. :
Other physical details ill. ;
Dimensions 23 cm.
500 ## - GENERAL NOTE
General note Includes index.
505 0# - FORMATTED CONTENTS NOTE
Formatted contents note Accountants as communicators -- The writing process -- The flow of thought -- A sense of style -- Standard English -- Format for clarity -- Critical thinking -- Accounting research -- Letters -- Memos and e-mail -- Reports -- Writing essay exams -- Writing for employment -- Writing for publication -- Oral presentations.
650 #0 - SUBJECT ADDED ENTRY--TOPICAL TERM
Topical term or geographic name as entry element Business report writing.
650 #0 - SUBJECT ADDED ENTRY--TOPICAL TERM
Topical term or geographic name as entry element Communication in accounting.
700 1# - ADDED ENTRY--PERSONAL NAME
Personal name May, Gordon S.
856 41 - ELECTRONIC LOCATION AND ACCESS
Materials specified Table of contents
Uniform Resource Identifier <a href="http://www.loc.gov/catdir/toc/ecip057/2005002888.html">http://www.loc.gov/catdir/toc/ecip057/2005002888.html</a>
906 ## - LOCAL DATA ELEMENT F, LDF (RLIN)
a 7
b cbc
c orignew
d 1
e ecip
f 20
g y-gencatlg
942 ## - ADDED ENTRY ELEMENTS (KOHA)
Source of classification or shelving scheme
Koha item type Book
Holdings
Withdrawn status Lost status Source of classification or shelving scheme Damaged status Not for loan Home library Current library Shelving location Date acquired Total Checkouts Full call number Barcode Date last seen Date checked out Copy number Price effective from Koha item type
          Riara University Library Riara University Library General stack 19/08/2016 5 HF5719.M375 2006 8018/16 19/02/2021 12/02/2021 C.1 19/08/2016 Book

Riara University Library,
P.O. Box 49940-00100,
Nairobi, Kenya.